000 00649cam a22002171 4500
001 pa 55000252
003 DLC
005 20260227111853.0
008 751103s1955 dcua i000 0 spa c
010 _apa 55000252
035 _a(OCoLC)1802924
040 _aPan American Union. Library
_cFU
_dDLC
042 _apremarc
050 0 0 _aTX725
_b.P26
110 2 _aPan American Union.
245 1 0 _aQué rico!
_bRecipes from Latin America.
_c[Prepared by Merri Holway, with illustrations by Harold A. Fonseca]
260 _aWáshington
_c[1955]
300 _a30 p.
_billus.
_c24cm.
500 _aCover title.
650 0 _aCooking, Spanish-American.
999 _c51284
_d51284